After Walden:thoreau's changing views on economics man (Record no. 416055)

000 -LEADER
fixed length control field 00368cam a22001217a 4500
008 - FIXED-LENGTH DATA ELEMENTS--GENERAL INFORMATION
fixed length control field 180718b1957 xxu||||| |||| 00| 0 eng d
082 ## - DEWEY DECIMAL CLASSIFICATION NUMBER
Classification number A99 T391/St68
100 ## - MAIN ENTRY--PERSONAL NAME
Personal name Stoller, Leo
245 ## - TITLE STATEMENT
Title After Walden:thoreau's changing views on economics man
Statement of responsibility, etc. by Leo Stoller
260 ## - PUBLICATION, DISTRIBUTION, ETC.
Place of publication, distribution, etc. California
Name of publisher, distributor, etc. Stanford
Date of publication, distribution, etc. 1957
300 ## - PHYSICAL DESCRIPTION
Extent 163p
650 ## - SUBJECT ADDED ENTRY--TOPICAL TERM
Topical term or geographic name entry element Thoreau, Henry David, 1817-1862.
Holdings
Withdrawn status Lost status Damaged status Not for loan Permanent Location Current Location Date acquired Full call number Barcode Date last seen Price effective from Koha item type
        Indian Institute of Public Administration Indian Institute of Public Administration 2009-03-12 A99 T391/St68 9825 2018-07-21 2018-07-21 Book

Powered by Koha